header

Endless appetites (Record no. 119732)

MARC details
000 -LEADER
fixed length control field 01240nam a2200337Ia 4500
082 04 - DEWEY DECIMAL CLASSIFICATION NUMBER
Classification number 363.8
100 1# - MAIN ENTRY--AUTHOR NAME
Personal name Bjerga, Alan.
245 10 - TITLE STATEMENT
Title Endless appetites
260 ## - PUBLICATION, DISTRIBUTION, ETC. (IMPRINT)
Place of publication Hoboken, N.J. :
Name of publisher Bloomberg Press,
Year of publication c2011.
300 ## - PHYSICAL DESCRIPTION
Number of Pages xii, 196 p. :
Other physical details ill.
490 0# - SERIES STATEMENT
Series statement Bloomberg ;
650 #0 - SUBJECT ADDED ENTRY--TOPICAL TERM
Topical Term Food prices.
Topical Term Food security.
856 40 - ELECTRONIC LOCATION AND ACCESS
Uniform Resource Identifier http://site.ebrary.com/lib/rucke/Doc?id=10510356

No items available.

© 2026 Rongo University
Contact us: librarian | system librarian | Rongo university